[Event "FB23 2122 Karlsruher SF 1853 - SV 1920"]
[Site "?"]
[Date "2022.04.09"]
[Round "6.5"]
[White "Storkebaum, Ulrike"]
[Black "Landenberger, Anja Kathrin"]
[Result "0-1"]
[WhiteElo "1773"]
[BlackElo "1741"]
[PlyCount "94"]
[EventDate "2022.??.??"]

1. e4 c6 2. d4 d5 3. Nc3 dxe4 4. Nxe4 Nd7 5. Nf3 Ngf6 6. Ng3 e6 7. Bd3 Bd6 8.
Bg5 h6 9. Bd2 O-O 10. c4 c5 11. Qc2 cxd4 12. Nxd4 Bxg3 13. hxg3 Nc5 14. Be2
Qxd4 15. Be3 Qe4 16. O-O-O Qxc2+ 17. Kxc2 Nce4 18. Bf3 e5 19. Rh4 Bf5 20. Kb3
Rfd8 21. Rxd8+ Rxd8 22. Bxa7 Nd2+ 23. Kb4 Nxf3 24. gxf3 Ra8 25. Be3 Rxa2 26.
Kc3 Ra8 27. Rh1 Rc8 28. Kb4 Bd7 29. Rd1 Bc6 30. f4 Ng4 31. fxe5 Nxe3 32. fxe3
Re8 33. Kc3 Rxe5 34. Rd8+ Kh7 35. Kd4 Rg5 36. b4 Rxg3 37. b5 Bf3 38. Rd7 Rg4+
39. Kd3 f6 40. Re7 f5 41. c5 Rb4 42. b6 h5 43. Kc3 Re4 44. Rxb7 Rxe3+ 45. Kd4
Bxb7 46. Kxe3 Kg6 47. Kf4 Kf6 0-1

[Event "FB23 2122 Karlsruher SF 1853 - SV 1920"]
[Site "?"]
[Date "2022.04.09"]
[Round "6.6"]
[White "Fischer, Darja"]
[Black "Kaulfuss, Christa"]
[Result "1-0"]
[WhiteElo "1675"]
[BlackElo "1727"]
[PlyCount "81"]
[EventDate "2022.??.??"]

1. d4 Nc6 2. c4 e5 3. d5 Nce7 4. Nf3 Ng6 5. e3 Nf6 6. Nc3 Bb4 7. Bd2 O-O 8. Be2
Re8 9. a3 Bxc3 10. Bxc3 Ne4 11. Qc2 Nxc3 12. Qxc3 d6 13. O-O f5 14. Nd2 Qg5 15.
Nf3 Qe7 16. Rfe1 Bd7 17. Nd2 Qg5 18. c5 e4 19. cxd6 cxd6 20. Qc7 f4 21. Qxd7 f3
22. Bf1 fxg2 23. Bxg2 Nh4 24. Qh3 Nxg2 25. Qxg2 Qxd5 26. Red1 Re6 27. Kh1 Rc8
28. Nf1 Qb3 29. Qg4 Rc2 30. Rd2 Rf6 31. Qe2 Rxd2 32. Qxd2 Qf7 33. Kg1 Qg6+ 34.
Ng3 h5 35. Qd5+ Re6 36. Qxh5 Qf6 37. Qf5 Qh6 38. Rc1 Re8 39. Nxe4 Rf8 40. Qd5+
Kh8 41. Qxd6 1-0

[Event "FB23 2122 TSV Forstenried - SG Augsburg"]
[Site "?"]
[Date "2022.04.10"]
[Round "7.3"]
[White "Todorova, Kalina"]
[Black "Chaus, Maria"]
[Result "1/2-1/2"]
[WhiteElo "1787"]
[BlackElo "1804"]
[PlyCount "30"]
[EventDate "2022.??.??"]

1. d4 Nf6 2. c4 e6 3. g3 c5 4. Nf3 cxd4 5. Nxd4 a6 6. Nc3 Qc7 7. e4 Bb4 8. Qd3
Bxc3+ 9. bxc3 d6 10. Ba3 Nbd7 11. Nb3 Nc5 12. Bxc5 dxc5 13. Bg2 O-O 14. Qe3 Nd7
15. f4 Qa5 1/2-1/2

[Event "FB23 2122 TSV Forstenried - SG Augsburg"]
[Site "?"]
[Date "2022.04.10"]
[Round "7.4"]
[White "Pils, Martina"]
[Black "Muench, Ursula"]
[Result "0-1"]
[WhiteElo "1582"]
[BlackElo "1803"]
[PlyCount "48"]
[EventDate "2022.??.??"]

1. d4 Nf6 2. Bf4 d5 3. e3 g6 4. Na3 Bg7 5. Bd3 Nc6 6. h4 Nh5 7. Bh2 a6 8. g4
Nf6 9. f3 b5 10. Bxb5 axb5 11. Nxb5 e5 12. g5 Nd7 13. Ne2 Ba6 14. Nbc3 Nb6 15.
b3 O-O 16. a4 exd4 17. exd4 Re8 18. Kf2 Qe7 19. Re1 Nxd4 20. Nxd4 Qxe1+ 21.
Qxe1 Bxd4+ 22. Kg2 Rxe1 23. Rxe1 Bxc3 24. Re7 Rc8 0-1

[Event "FB23 2122 FC Bayern München - SV Stutt"]
[Site "?"]
[Date "2022.04.10"]
[Round "7.1"]
[White "Leser, Katrin"]
[Black "Mayrhuber, Nikola"]
[Result "1/2-1/2"]
[WhiteElo "2004"]
[BlackElo "2110"]
[PlyCount "102"]
[EventDate "2022.??.??"]

1. e4 c5 2. Nf3 d6 3. d4 cxd4 4. Nxd4 Nf6 5. Nc3 a6 6. f3 e5 7. Nb3 Be6 8. Be3
h5 9. Qd2 Nbd7 10. Be2 Be7 11. O-O Rc8 12. Rfd1 O-O 13. Nd5 Bxd5 14. exd5 Nb6
15. Bxb6 Qxb6+ 16. Kh1 g6 17. c4 Nd7 18. Rac1 Kg7 19. Na1 a5 20. b3 Nc5 21. a3
Nxb3 22. Nxb3 Qxb3 23. Qxa5 Qe3 24. Rc2 Bd8 25. Qb4 Qc5 26. Qxb7 Bb6 27. Rb2
Rb8 28. Qc6 Qe3 29. Qxd6 Bc5 30. Qxb8 Rxb8 31. Rxb8 Qxe2 32. Rbb1 h4 33. h3 Bd6
34. c5 Bxc5 35. d6 Qa2 36. d7 Be7 37. Rb8 Qxa3 38. d8=Q Bxd8 39. Rbxd8 Kf6 40.
Re1 Qa5 41. Rd6+ Kg5 42. Re4 Qc5 43. Rg4+ Kf5 44. Ra6 Qf2 45. Kh2 g5 46. Raa4
f6 47. Rgc4 Kg6 48. Rc6 Kf5 49. Raa6 Qg3+ 50. Kg1 Qe1+ 51. Kh2 Qg3+ 1/2-1/2

[Event "FB23 2122 FC Bayern München - SV Stutt"]
[Site "?"]
[Date "2022.04.10"]
[Round "7.2"]
[White "Butenandt, Svenja"]
[Black "Kobald, Jacqueline"]
[Result "1-0"]
[WhiteElo "2097"]
[BlackElo "2015"]
[PlyCount "81"]
[EventDate "2022.??.??"]

1. d4 Nf6 2. c4 g6 3. Nc3 Bg7 4. e4 d6 5. Nf3 O-O 6. Be2 e5 7. d5 a5 8. Bg5 h6
9. Be3 Na6 10. Nd2 Bd7 11. O-O Nh7 12. a3 f5 13. f3 f4 14. Bf2 g5 15. b4 h5 16.
c5 Nf6 17. c6 bxc6 18. dxc6 Be6 19. b5 Nc5 20. Bxc5 dxc5 21. Nb3 Qe8 22. Nxc5
Bc8 23. Ra2 Qe7 24. N3a4 g4 25. Qe1 Nh7 26. Kh1 Kh8 27. Rd2 Qg5 28. Nd7 Bxd7
29. Rxd7 g3 30. h3 Qh4 31. Qd2 Ng5 32. Bc4 Rf6 33. Ra1 Kh7 34. Bf1 Rg6 35. Rxc7
Rg8 36. Rd7 Kh6 37. Rd8 Bf8 38. Qd7 R6g7 39. Qf5 Rf7 40. Qc8 Bxa3 41. b6 1-0

[Event "FB23 2122 FC Bayern München - SV Stutt"]
[Site "?"]
[Date "2022.04.10"]
[Round "7.3"]
[White "Stitterich, Nadine"]
[Black "Giss, Helene"]
[Result "0-1"]
[WhiteElo "1983"]
[BlackElo "2033"]
[PlyCount "132"]
[EventDate "2022.??.??"]

1. e4 e6 2. d4 d5 3. Nc3 dxe4 4. Nxe4 Be7 5. Nf3 Nd7 6. Be3 Ngf6 7. Bd3 b6 8.
O-O Bb7 9. Nxf6+ Bxf6 10. Bb5 O-O 11. Qe2 a6 12. Bxd7 Qxd7 13. Rfd1 Rfd8 14.
Rd2 Qd5 15. a3 Rd7 16. c3 Rad8 17. Rad1 h6 18. Ne1 Qe4 19. f3 Qf5 20. Nd3 g5
21. f4 Qe4 22. Ne5 Bxe5 23. fxe5 c5 24. Rf1 cxd4 25. Bxd4 Qxe2 26. Rxe2 b5 27.
Rf6 Kg7 28. Kf2 Bd5 29. Ke3 Bc4 30. Ref2 Rb8 31. Bc5 Rc8 32. Bd6 Bd5 33. Kd2
Bxg2 34. Ke3 Bh3 35. Rd2 Rcd8 36. Rf3 Bf5 37. Rg3 Kg6 38. Rd4 f6 39. Rg2 fxe5
40. Bxe5 Rxd4 41. cxd4 Rc8 42. Rd2 Rc2 43. Rxc2 Bxc2 44. Bc7 Kf5 45. Bd6 h5 46.
Bc7 Bb3 47. Bb8 a5 48. Bc7 a4 49. Bb8 h4 50. Be5 g4 51. Kf2 Bd5 52. Kg1 Ke4 53.
Bf6 h3 54. Be7 Kxd4 55. Bb4 e5 56. Bc3+ Ke4 57. Kf2 Bc4 58. Kg3 Be2 59. Kf2 Bf3
60. Bd2 Kd3 61. Bc3 e4 62. Be5 e3+ 63. Ke1 Kc2 64. Kf1 Kd1 65. Bc3 Bd5 66. b4
axb3 0-1

[Event "FB23 2122 FC Bayern München - SV Stutt"]
[Site "?"]
[Date "2022.04.10"]
[Round "7.4"]
[White "Dirmeier, Carolin"]
[Black "Erben, Larissa"]
[Result "1/2-1/2"]
[WhiteElo "1959"]
[BlackElo "1960"]
[PlyCount "34"]
[EventDate "2022.??.??"]

1. e4 c5 2. Nf3 e6 3. d4 cxd4 4. Nxd4 Nc6 5. Nc3 a6 6. Be3 Nf6 7. Qd2 Bb4 8. f3
d5 9. O-O-O dxe4 10. Nxc6 Qxd2+ 11. Bxd2 bxc6 12. Nxe4 Nxe4 13. fxe4 Bxd2+ 14.
Kxd2 Ke7 15. Ke3 Bb7 16. Bc4 Rhd8 17. g3 c5 1/2-1/2

[Event "FB23 2122 FC Bayern München - SV Stutt"]
[Site "?"]
[Date "2022.04.10"]
[Round "7.5"]
[White "Gassmann, Linda"]
[Black "Stangl, Anita"]
[Result "0-1"]
[WhiteElo "1899"]
[BlackElo "2049"]
[PlyCount "38"]
[EventDate "2022.??.??"]

1. d4 e6 2. c4 d5 3. cxd5 exd5 4. Nf3 c6 5. Nc3 Nf6 6. e3 Bd6 7. Bd3 O-O 8. h3
Re8 9. Qc2 Qe7 10. O-O Ne4 11. a3 f5 12. b4 g5 13. Ne1 g4 14. Bxe4 fxe4 15.
hxg4 Bxg4 16. g3 Qf7 17. Kg2 Bf3+ 18. Kg1 Qh5 19. Nxf3 exf3 0-1

[Event "FB23 2122 FC Bayern München - SV Stutt"]
[Site "?"]
[Date "2022.04.10"]
[Round "7.6"]
[White "Spiel, Marianne"]
[Black "Lederer, Leia"]
[Result "0-1"]
[WhiteElo "1919"]
[BlackElo "1805"]
[PlyCount "98"]
[EventDate "2022.??.??"]

1. e4 e5 2. Nf3 Nc6 3. Bb5 a6 4. Ba4 Nf6 5. O-O b5 6. Bb3 Be7 7. Re1 O-O 8. a4
b4 9. h3 d6 10. c3 Rb8 11. d4 exd4 12. cxd4 Na5 13. Bc2 c5 14. Nbd2 Qb6 15. e5
Nd5 16. Qe2 Be6 17. exd6 Qxd6 18. Ne4 Qc6 19. Neg5 Bxg5 20. Nxg5 Nf6 21. Nxe6
Rfe8 22. Bg5 Rxe6 23. Qd3 g6 24. Rxe6 Qxe6 25. dxc5 b3 26. Qg3 Rd8 27. Bd3 Rd5
28. Rc1 Nh5 29. Qc7 Rxd3 30. Qxa5 Qe5 31. Be3 Rxe3 32. Qd2 Re2 33. Qd8+ Kg7 34.
c6 Qf4 35. Rf1 Rc2 36. Qd5 Qf6 37. Qxb3 Qxc6 38. Qb8 Qxa4 39. Qe5+ Nf6 40. g4
Qe4 41. Qd6 Nd5 42. Qg3 Nf4 43. Kh2 Ne2 44. Qa3 Qe5+ 45. Kh1 Nd4 46. Kg2 Qe4+
47. Kg3 Rd2 48. Kh2 Rd3 49. Qxa6 Qf3 0-1

[Event "FB23 2122 SV 1920 Hofheim - SK Freiburg"]
[Site "?"]
[Date "2022.04.10"]
[Round "7.1"]
[White "Paddock, Silvia"]
[Black "Roessler, Ulrike"]
[Result "0-1"]
[WhiteElo "2180"]
[BlackElo "2117"]
[PlyCount "102"]
[EventDate "2022.??.??"]

1. c4 e5 2. Nc3 Nf6 3. e4 Bb4 4. d3 d6 5. g3 O-O 6. Bg2 Nc6 7. Nge2 Bg4 8. f3
Be6 9. O-O Bc5+ 10. Kh1 a5 11. h3 Nd7 12. f4 f5 13. exf5 Bxf5 14. Ne4 Ba7 15.
Ng5 Nc5 16. Be3 Qe7 17. Bxc5 Bxc5 18. g4 Bd7 19. Ne4 Ba7 20. f5 Nd4 21. N2g3
Qh4 22. Qd2 c6 23. Kh2 d5 24. cxd5 cxd5 25. Nc3 e4 26. Nxd5 Nf3+ 27. Bxf3 exf3
28. Nf4 Bb8 29. Rxf3 Ra6 30. Ne4 g5 31. Nxg5 Qxg5 32. Raf1 Rh6 33. Kg1 Bc6 34.
R3f2 Ba7 35. d4 Qh4 36. Qe3 a4 37. Kh2 Bb8 38. Qg3 Qxg3+ 39. Kxg3 Re8 40. g5
Bxf4+ 41. Rxf4 Re3+ 42. Kf2 Rhxh3 43. d5 Bxd5 44. Rxa4 Ref3+ 45. Ke1 Rxf1+ 46.
Kxf1 Rf3+ 47. Ke2 Rxf5 48. Ra8+ Kg7 49. Rd8 Bc6 50. b4 Rxg5 51. Rb8 Rg2+ 0-1

[Event "FB23 2122 SV 1920 Hofheim - SK Freiburg"]
[Site "?"]
[Date "2022.04.10"]
[Round "7.2"]
[White "Tuzi, Bruna"]
[Black "Hund, Barbara"]
[Result "1/2-1/2"]
[WhiteElo "1991"]
[BlackElo "2093"]
[PlyCount "53"]
[EventDate "2022.??.??"]

1. e4 e5 2. Nf3 Nc6 3. Bc4 Nf6 4. d3 Be7 5. O-O d6 6. Re1 Bg4 7. c3 O-O 8. a4
Na5 9. Ba2 c5 10. Na3 a6 11. Nc2 b5 12. Ne3 Be6 13. Bxe6 fxe6 14. axb5 axb5 15.
b4 cxb4 16. cxb4 Nc6 17. Rxa8 Qxa8 18. Qb3 Qc8 19. Nf5 Qd7 20. d4 Kh8 21. Nxe7
Qxe7 22. dxe5 Nxe5 23. Nxe5 dxe5 24. Bg5 Qd7 25. Rd1 Qc6 26. f3 Nh5 27. Qd3
1/2-1/2

[Event "FB23 2122 SV 1920 Hofheim - SK Freiburg"]
[Site "?"]
[Date "2022.04.10"]
[Round "7.3"]
[White "Hund, Sarah"]
[Black "Heymann-Lobzhanidze, Anna-Luise"]
[Result "1-0"]
[WhiteElo "2076"]
[BlackElo "1942"]
[PlyCount "49"]
[EventDate "2022.??.??"]

1. e4 e5 2. Bc4 Nf6 3. d3 Bc5 4. Nc3 d6 5. f4 exf4 6. Bxf4 Nc6 7. Nf3 Bg4 8.
Qd2 Bxf3 9. gxf3 Ne5 10. O-O-O Nxc4 11. dxc4 Qd7 12. Bg5 O-O-O 13. Bxf6 gxf6
14. Nd5 f5 15. b4 c6 16. bxc5 cxd5 17. Qa5 dxe4 18. fxe4 fxe4 19. Qxa7 Qc6 20.
cxd6 f5 21. Rd5 Kd7 22. Rxf5 Rhf8 23. Rb5 Ra8 24. Rxb7+ Ke6 25. Re7+ 1-0

[Event "FB23 2122 SV 1920 Hofheim - SK Freiburg"]
[Site "?"]
[Date "2022.04.10"]
[Round "7.4"]
[White "Froehlich-Dill, Astrid"]
[Black "Spiegelberg, Silvia"]
[Result "0-1"]
[WhiteElo "1807"]
[BlackElo "1916"]
[PlyCount "78"]
[EventDate "2022.??.??"]

1. d4 Nf6 2. Nf3 d5 3. c4 e6 4. Nc3 c5 5. e3 Nc6 6. Be2 a6 7. a3 dxc4 8. Bxc4
Qc7 9. Qe2 Bd6 10. d5 exd5 11. Nxd5 Nxd5 12. Bxd5 O-O 13. O-O Bg4 14. h3 Bh5
15. Qc2 Ne7 16. Ba2 Qd7 17. Nh2 Rac8 18. f4 Bg6 19. e4 Qc7 20. g4 h6 21. f5 Bh7
22. Nf3 c4 23. Bd2 b5 24. Bc3 Nc6 25. Rad1 Rcd8 26. Qg2 Ne5 27. Kh1 Nxf3 28.
Qxf3 Be5 29. Rd5 Rxd5 30. exd5 Rd8 31. Rd1 Qd6 32. Bb1 Re8 33. Bb4 Qd7 34. Bc3
Bxc3 35. bxc3 Qd6 36. Be4 Kh8 37. Ra1 f6 38. Rd1 Bg8 39. Ra1 Rxe4 0-1

[Event "FB23 2122 SV 1920 Hofheim - SK Freiburg"]
[Site "?"]
[Date "2022.04.10"]
[Round "7.6"]
[White "Kaulfuss, Christa"]
[Black "Farhadyar, Kiana"]
[Result "1/2-1/2"]
[WhiteElo "1727"]
[BlackElo "1462"]
[PlyCount "122"]
[EventDate "2022.??.??"]

1. e4 e5 2. Nc3 Nf6 3. g3 Nc6 4. Bg2 Bc5 5. Nge2 d6 6. h3 a6 7. O-O h6 8. Kh2
O-O 9. d3 Nd4 10. f4 c6 11. fxe5 dxe5 12. Ng1 Nh7 13. Nf3 Nxf3+ 14. Qxf3 Ng5
15. Qe2 Bd6 16. Be3 f5 17. exf5 Bxf5 18. h4 Nh7 19. Ne4 Bc7 20. Rad1 Qc8 21.
Rde1 Nf6 22. Nxf6+ Rxf6 23. Be4 Bg4 24. Qg2 Qe6 25. Rxf6 Qxf6 26. Rf1 Qe6 27.
Qd2 Bd6 28. b3 Rf8 29. Rxf8+ Kxf8 30. Qf2+ Qf7 31. Qd2 Qf1 32. Bg2 Qe2 33. c3
Qxd2 34. Bxd2 Bf5 35. Be4 Bxe4 36. dxe4 Bc5 37. Kg2 h5 38. Kf3 Kf7 39. Be1 Kf6
40. Bd2 b5 41. b4 Bb6 42. g4 g6 43. gxh5 gxh5 44. Be1 Ke6 45. Ke2 c5 46. bxc5
Bxc5 47. Kd3 a5 48. Bg3 Bd6 49. Bf2 Bc7 50. Kc2 Kd6 51. Kb3 Kc6 52. a4 Bd6 53.
axb5+ Kxb5 54. c4+ Kc6 55. Ka4 Bb4 56. Kb3 Bc5 57. Be1 Be7 58. Bf2 Bb4 59. Ka4
Bc3 60. Kb3 Bd4 61. Be1 Bb6 1/2-1/2

[Event "FB23 2122 SK 1980 Gernsheim - Karlsruhe"]
[Site "?"]
[Date "2022.04.10"]
[Round "7.1"]
[White "Schmidt, Jessica"]
[Black "Lukas, Anne"]
[Result "1/2-1/2"]
[WhiteElo "2208"]
[BlackElo "2025"]
[PlyCount "29"]
[EventDate "2022.??.??"]

1. d4 Nf6 2. c4 g6 3. Nc3 d5 4. Bg5 dxc4 5. e3 Bg7 6. Bxc4 O-O 7. Nf3 c5 8.
dxc5 Qa5 9. O-O Qxc5 10. Qb3 Nc6 11. Rac1 Na5 12. Qb5 Qxc4 13. Qxa5 b6 14. Qe5
Be6 15. b3 1/2-1/2

[Event "FB23 2122 SK 1980 Gernsheim - Karlsruhe"]
[Site "?"]
[Date "2022.04.10"]
[Round "7.2"]
[White "Ries, Jutta"]
[Black "Kiefhaber, Veronika"]
[Result "1/2-1/2"]
[WhiteElo "2010"]
[BlackElo "2111"]
[PlyCount "27"]
[EventDate "2022.??.??"]

1. f4 d5 2. Nf3 g6 3. e3 Bg7 4. Nc3 Nh6 5. b3 O-O 6. Bb2 b6 7. Bd3 Ba6 8. Bxa6
Nxa6 9. h4 c5 10. h5 Nb4 11. hxg6 hxg6 12. a3 Nc6 13. Na4 d4 14. Qe2 1/2-1/2

[Event "FB23 2122 SK 1980 Gernsheim - Karlsruhe"]
[Site "?"]
[Date "2022.04.10"]
[Round "7.3"]
[White "Scheynin, Julia"]
[Black "Morio, Estelle"]
[Result "1-0"]
[WhiteElo "1998"]
[BlackElo "1833"]
[PlyCount "107"]
[EventDate "2022.??.??"]

1. e4 d6 2. d3 Nf6 3. Nc3 e5 4. h3 c6 5. Nf3 Be7 6. g3 Qc7 7. Bg2 O-O 8. O-O
Nbd7 9. Nh2 Nb6 10. f4 d5 11. f5 dxe4 12. dxe4 Nc4 13. Qe2 Bc5+ 14. Kh1 Nb6 15.
g4 Rd8 16. Bg5 Be7 17. Nf3 Ne8 18. Be3 Nd7 19. Qf2 b6 20. Rfd1 Ba6 21. a3 Bc5
22. Bxc5 Nxc5 23. b4 Rxd1+ 24. Rxd1 Nd7 25. g5 Nf8 26. Qd2 Rc8 27. h4 Qe7 28.
Kh2 Rc7 29. Qd8 Qxd8 30. Rxd8 Re7 31. Kg1 f6 32. Bf1 Bxf1 33. Kxf1 Kf7 34. b5
c5 35. Ke2 Rd7 36. Ra8 Nd6 37. a4 Nc4 38. h5 fxg5 39. Nxg5+ Kg8 40. Ne6 Rf7 41.
Nxf8 Rxf8 42. Rxa7 Rd8 43. Nd5 Nd6 44. Ne7+ Kf8 45. Nc6 Re8 46. Kf3 Nc4 47. Ke2
Nd6 48. Kd3 Nf7 49. a5 bxa5 50. Rxa5 Rc8 51. Kc4 Nd6+ 52. Kd5 Nb7 53. Ra7 Nd8
54. Nxe5 1-0

[Event "FB23 2122 SK 1980 Gernsheim - Karlsruhe"]
[Site "?"]
[Date "2022.04.10"]
[Round "7.4"]
[White "Mueller, Manon"]
[Black "Juszczak, Anna"]
[Result "1-0"]
[WhiteElo "1780"]
[BlackElo "1977"]
[PlyCount "43"]
[EventDate "2022.??.??"]

1. d4 d5 2. c4 e6 3. Nf3 Nf6 4. Bg5 Be7 5. e3 h6 6. Bxf6 Bxf6 7. Nc3 c6 8. Qc2
Nd7 9. cxd5 exd5 10. Bd3 Nb6 11. O-O O-O 12. b4 a6 13. a4 Qd6 14. Nd2 Be6 15.
Rfb1 Rfc8 16. Nb3 Nc4 17. Ne4 dxe4 18. Bxc4 Bxc4 19. Qxc4 b6 20. Nd2 Qd5 21.
Rc1 Rc7 22. Qxd5 1-0

[Event "FB23 2122 SK 1980 Gernsheim - Karlsruhe"]
[Site "?"]
[Date "2022.04.10"]
[Round "7.5"]
[White "Rubina, Tatiana"]
[Black "Wilke, Tabea"]
[Result "1-0"]
[WhiteElo "2000"]
[BlackElo "1749"]
[PlyCount "43"]
[EventDate "2022.??.??"]

1. e4 e5 2. Nf3 Nc6 3. Bc4 Bc5 4. c3 Nf6 5. d3 d6 6. Bb3 O-O 7. Nbd2 a6 8. O-O
Ne7 9. d4 exd4 10. cxd4 Ba7 11. h3 Ng6 12. Re1 Nf4 13. Nf1 N6h5 14. Kh2 Bxh3
15. gxh3 Qd7 16. Ng1 Qe7 17. Ng3 Qh4 18. Be3 Nf6 19. Qf3 N4h5 20. e5 dxe5 21.
dxe5 Bxe3 22. Rxe3 1-0

[Event "FB23 2122 SK 1980 Gernsheim - Karlsruhe"]
[Site "?"]
[Date "2022.04.10"]
[Round "7.6"]
[White "Schardt, Madeleine"]
[Black "Landenberger, Anja Kathrin"]
[Result "1/2-1/2"]
[WhiteElo "1811"]
[BlackElo "1741"]
[PlyCount "34"]
[EventDate "2022.??.??"]

1. d4 Nf6 2. Nf3 d5 3. Bf4 e6 4. e3 Bd6 5. Bg3 Ne4 6. Bd3 Nxg3 7. hxg3 h6 8.
Nbd2 Nd7 9. c3 e5 10. e4 exd4 11. Nxd4 Nc5 12. Bc2 dxe4 13. Nxe4 Nxe4 14. Bxe4
O-O 15. O-O c6 16. Qf3 Qg5 17. Rfe1 Bg4 1/2-1/2